00385nam a2200121Ia 4500008004100000020001800041041000800059082000800067100001300075245011100088260005600199300000800255240521s1999 xx 000 0 und d a81-7671-003-2 aeng a690 aBARRY R. aTHE CONSTRUCTION OF BUILDINGS, VOL - III 4TH EDITION, SINGLE STOREY, FRAMES, SHELLS, LIGHTWEIGHT COVERINGS bAFFILIATED EAST-WEST PRESS PVT LTD NEW DELHI.c1999 a117